Media worlds : anthropology on new terrain
Saved in:
| Other Authors: | , , |
|---|---|
| Format: | Book |
| Language: | English |
| Published: |
Berkeley :
University of California Press,
2002
|
| Subjects: | |
| Tags: |
Add Tag
No Tags, Be the first to tag this record!
|
MARC
| LEADER | 00000nam a2200000 i 4500 | ||
|---|---|---|---|
| 001 | 1/33146 | ||
| 008 | 030224s2002 eng d | ||
| 020 | |a 0520224485 | ||
| 035 | |l 10069460 | ||
| 040 | |a GR-MY-UA |b gre |e aacr | ||
| 041 | 0 | |a eng | |
| 082 | 0 | |a 302.23 | |
| 245 | 1 | 0 | |a Media worlds : |b anthropology on new terrain / |c edited by Faye d. Ginsburg, Lila Abu-Lughod, Brian Larkin |
| 260 | |a Berkeley : |b University of California Press, |c 2002 | ||
| 300 | |a 413 p.; |b ill.; |c 23 cm. | ||
| 504 | |a Includes bibliographical references and index | ||
| 650 | 0 | 0 | |a Mass media and culture. |
| 700 | 1 | |a Ginsburg, Faye D. |4 edt | |
| 700 | 1 | |a Abu-Lughod, Lila. |4 edt | |
| 700 | 1 | |a Larkin, Brian. |4 edt | |
| 852 | |a INST |b LESVOS |e 20030224 |h 302.23 MED |p 005100024760 |q 005100024760 |t BK |y 0 | ||
| 901 | |a BIBL1-2003-1 | ||
| 909 | |a Λ |b 102989 | ||
| 922 | |a 1ΕΛΗ |b 200211 |c ΕΠΕΑΕΚ2/ΤΚΑ |d ΠΑΠΑΣΩΤΗΡΙΟΥ & ΕΛΕΥΘΕΡΟΥΔΑΚΗΣ | ||
| 970 | |a ΚΑΜΑΤΣΟΥ |b ΔΕΣΠΟΙΝΑ |z 2003/02/24 | ||